Genética de las poblaciones humanas / (Record no. 43871)

MARC details
000 -LEADER
campo de control de longitud fija 00559nam a2200169 i 4500
001 - NÚMERO DE CONTROL
campo de control 43871
003 - IDENTIFICADOR DE NÚMERO DE CONTROL
campo de control ES-MaACL
007 - CAMPO FIJO DE DESCRIPCIÓN FÍSICA--INFORMACIÓN GENERAL
campo de control de longitud fija t|
008 - DATOS DE LONGITUD FIJA--INFORMACIÓN GENERAL
campo de control de longitud fija 030320s1981 sp ||||1| spa d
100 1# - ENTRADA PRINCIPAL--NOMBRE DE PERSONA
Nombre de persona Cavalli-Sforza, L. Luca.
9 (RLIN) 37153
245 10 - MENCIÓN DEL TÍTULO
Título Genética de las poblaciones humanas /
Mención de responsabilidad, etc. L. Luca Cavalli-Sforza, W. F. Bodmer ; [traducido por Lluis Serra Camó].
260 ## - PUBLICACIÓN, DISTRIBUCIÓN, ETC.
Lugar de publicación, distribución, etc. Barcelona :
Nombre del editor, distribuidor, etc. Omega,
Fecha de publicación, distribución, etc. [1981]
300 ## - DESCRIPCIÓN FÍSICA
Extensión XII, 942 p. :
Otras características físicas il. ;
Dimensiones 26 cm.
700 1# - ENTRADA AGREGADA--NOMBRE PERSONAL
Nombre de persona Bodmer, W. F.
9 (RLIN) 29715
700 1# - ENTRADA AGREGADA--NOMBRE PERSONAL
Nombre de persona Serra Camó, Lluis.
9 (RLIN) 105624
852 ## - LOCALIZACIÓN
Ubicación ES-MaACL
Número de control de estantería L-6715
Sublocalización o colección R.107801
Holdings
Estatus retirado Estado de pérdida Estado de daño No para préstamo Biblioteca de origen Biblioteca actual Ubicación en estantería Fecha de adquisición Fuente de adquisición Total de préstamos Signatura topográfica completa Código de barras Visto por última vez Precio de reemplazo Tipo de ítem Koha
        Biblioteca del Ateneo de Madrid Biblioteca del Ateneo de Madrid Depósito 2 17/01/2008     L-6715 1046179 23/02/2023 23/02/2023 Libro impreso